| 000 | 00372nam a22001457a 4500 | ||
|---|---|---|---|
| 003 | OSt | ||
| 005 | 20160727222342.0 | ||
| 008 | 160620b xxu||||| |||| 00| 0 eng d | ||
| 040 | _cTEST | ||
| 100 |
_9132 _aKratt, J |
||
| 245 |
_aSir Orson to the Rescue _bSir Orson to the Rescue |
||
| 260 |
_aU.S.A _b Bantam Books _c1989 |
||
| 300 | _aSir Orson to the Rescue | ||
| 942 |
_2ddc _cBK |
||
| 999 |
_c105 _d105 |
||